<?xml version="1.0" encoding="UTF-8"?><?xml-stylesheet type="text/xsl" href="static/style.xsl"?><OAI-PMH xmlns="http://www.openarchives.org/OAI/2.0/" xmlns:xsi="http://www.w3.org/2001/XMLSchema-instance" xsi:schemaLocation="http://www.openarchives.org/OAI/2.0/ http://www.openarchives.org/OAI/2.0/OAI-PMH.xsd"><responseDate>2026-06-01T07:52:15Z</responseDate><request verb="GetRecord" identifier="oai:riuma.uma.es:10630/38471" metadataPrefix="marc">https://riuma.uma.es/rest/oai/request</request><GetRecord><record><header><identifier>oai:riuma.uma.es:10630/38471</identifier><datestamp>2026-02-03T10:54:54Z</datestamp><setSpec>com_10630_2254</setSpec><setSpec>col_10630_37953</setSpec></header><metadata><record xmlns="http://www.loc.gov/MARC21/slim" xmlns:dcterms="http://purl.org/dc/terms/" xmlns:doc="http://www.lyncode.com/xoai" xmlns:xsi="http://www.w3.org/2001/XMLSchema-instance" xsi:schemaLocation="http://www.loc.gov/MARC21/slim http://www.loc.gov/standards/marcxml/schema/MARC21slim.xsd">
   <leader>00925njm 22002777a 4500</leader>
   <datafield ind2=" " ind1=" " tag="042">
      <subfield code="a">dc</subfield>
   </datafield>
   <datafield ind2=" " ind1=" " tag="720">
      <subfield code="a">Rodríguez-Gómez, Francisco</subfield>
      <subfield code="e">author</subfield>
   </datafield>
   <datafield ind2=" " ind1=" " tag="720">
      <subfield code="a">Del-Campo-Ávila, José</subfield>
      <subfield code="e">author</subfield>
   </datafield>
   <datafield ind2=" " ind1=" " tag="720">
      <subfield code="a">Pérez-Urrestarazu, Luis</subfield>
      <subfield code="e">author</subfield>
   </datafield>
   <datafield ind2=" " ind1=" " tag="720">
      <subfield code="a">López-Rodríguez, Domingo</subfield>
      <subfield code="e">author</subfield>
   </datafield>
   <datafield ind2=" " ind1=" " tag="260">
      <subfield code="c">2025</subfield>
   </datafield>
   <datafield ind2=" " ind1=" " tag="520">
      <subfield code="a">Mitigating Urban Heat Island (UHI) effects has become a challenge to improve urban sustainability. The simulation tool URSUS_LST has been developed to allow urban planners to estimate how the addition of different green infrastructure elements would affect temperature. To achieve this, a new methodology was defined based on data mining, geospatial image processing and the knowledge of experts in the domain that predicts the Land Surface Temperature (LST) of any location within a city. It consists of a first data mining phase in which the real LST and the different urban elements of the nearby environment are considered: buildings, vegetation and water bodies. In a second phase, different regression models are induced to predict LST. Additionally, considering the most accurate models, the relevant attributes and their relationships are identified. A real application of the tool in the city of Malaga (Spain) has been used as an example of its usefulness.</subfield>
   </datafield>
   <datafield ind1="8" ind2=" " tag="024">
      <subfield code="a">Rodríguez-Gómez, F., del Campo-Ávila, J., Pérez-Urrestarazu, L., &amp; López-Rodríguez, D. (2025). URSUS_LST: URban SUStainability intelligent system for predicting the impact of urban green infrastructure on land surface temperatures. Environmental Modelling &amp; Software, 186, 106364.</subfield>
   </datafield>
   <datafield ind1="8" ind2=" " tag="024">
      <subfield code="a">1364-8152</subfield>
   </datafield>
   <datafield ind1="8" ind2=" " tag="024">
      <subfield code="a">https://hdl.handle.net/10630/38471</subfield>
   </datafield>
   <datafield ind1="8" ind2=" " tag="024">
      <subfield code="a">10.1016/J.ENVSOFT.2025.106364</subfield>
   </datafield>
   <datafield tag="653" ind2=" " ind1=" ">
      <subfield code="a">Soporte lógico libre</subfield>
   </datafield>
   <datafield tag="653" ind2=" " ind1=" ">
      <subfield code="a">Urbanismo sostenible</subfield>
   </datafield>
   <datafield ind2="0" ind1="0" tag="245">
      <subfield code="a">URSUS_LST: URban SUStainability intelligent system for predicting the impact of urban green infrastructure on land surface temperatures</subfield>
   </datafield>
</record>
</metadata></record></GetRecord></OAI-PMH>